|
|
|
|
| LEADER |
00978nam a2200265 a 4500 |
| 001 |
4917 |
| 003 |
BD-DhAAL |
| 008 |
090430s1990 enk 00 eng d |
| 999 |
|
|
|c 292
|d 292
|
| 010 |
|
|
|a gb 90001657
|
| 020 |
|
|
|a 0340536519
|
| 040 |
|
|
|a UKM
|c UKM
|d EQF
|d BD-DhAAL
|
| 082 |
0 |
0 |
|a 618.19
|2 19
|
| 245 |
0 |
0 |
|a Obstetrics by ten teachers /
|c edited by T. L. T. Lewis and G. V. P. Chamberlain.
|
| 250 |
|
|
|a Fifteenth edition
|
| 260 |
|
|
|a London
|a Melbourne
|b Edward Arnold,
|c 1990.
|
| 300 |
|
|
|a xi, 373 pages :
|b illustrations ;
|c 25 cm.
|
| 500 |
|
|
|a Includes index.
|
| 541 |
1 |
|
|e 4917
|
| 650 |
|
0 |
|a Obstetrics.
|9 41608
|
| 700 |
1 |
0 |
|a Lewis, T. L. T.
|q (Thomas Loftus Townsend)
|9 41609
|
| 700 |
1 |
0 |
|a Chamberlain, Geoffrey,
|d 1930-
|9 41610
|
| 852 |
|
|
|a Ayesha Abed Library
|c General Stacks
|
| 942 |
|
|
|2 ddc
|c BK
|
| 952 |
|
|
|0 0
|1 0
|2 ddc
|4 0
|6 618_190000000000000_OBS_1992
|7 0
|9 269
|a BRACUL
|b BRACUL
|c GEN
|d 2009-04-30
|g 350.00
|l 1
|o 618.19 OBS
|p 3010004917
|r 2015-03-11
|s 2015-02-27
|t 1
|v 700.00
|w 2009-04-30
|y BK
|